000 00647nam a2200205 i 4500
001 14810
003 ES-MaACL
005 20250831094227.0
007 t|
008 990614s1979 mx |||| | spa d
080 _a289.3(091)
100 1 _aHinckley, Gordon B.
_963750
245 1 3 _aLa verdad restaurada /
_cpor Gordon B. Hinckley.
260 _a[México] :
_bIglesia de Jesucristo de los Santos de los Últimos Días,
_c[1979]
300 _a164 p. ;
_c18 cm.
650 1 4 _aMormones-
_xHistoria.
_9197087
710 2 _aIglesia de Jesucristo de los Santos de los Últimos Días
_96949
852 _aES-MaACL
_jL-21986
999 _c14810
_d14810